[Event "Ljubljana-chT 62nd 3rd League"]
[Site "Ljubljana"]
[Date "2009.03.05"]
[Round "8.2"]
[White "Tisler, Janez"]
[Black "Cankar, Neza"]
[Result "1/2-1/2"]
[WhiteElo "1534"]
[BlackElo "1589"]
[PlyCount "52"]
[EventDate "2009.01.08"]
[EventType "team-tourn"]
[EventRounds "10"]
[EventCountry "SLO"]
[SourceTitle "EXT 2022"]
[Source "ChessBase"]
[SourceDate "2021.10.06"]
[SourceVersion "1"]
[SourceVersionDate "2021.10.06"]
[SourceQuality "1"]

1. e4 e5 2. Nf3 Nc6 3. Bc4 Bc5 4. c3 Nf6 5. d4 exd4 6. cxd4 Bb4+ 7. Bd2 Bxd2+ 8. Nbxd2 d5 9. exd5 Nxd5 10. 0-0 0-0 11. a3 Bf5 12. Re1 Nb6 13. Bb3 Nxd4 14. Nxd4 Qxd4 15. Nc4 Qxd1 16. Raxd1 Nxc4 17. Bxc4 Rfe8 18. f3 Kf8 19. Kf2 a6 20. g4 Bg6 21. Rd7 Rxe1 22. Kxe1 Re8+ 23. Kf2 b5 24. Bd5 Re7 25. Rd8+ Re8 26. Rd7 Re7 1/2-1/2

[Event "Ljubljana-chT 62nd 3rd League"]
[Site "Ljubljana"]
[Date "2009.02.05"]
[Round "5.2"]
[White "Cankar, Neza"]
[Black "Kovacic, Bojan"]
[Result "1/2-1/2"]
[WhiteElo "1589"]
[BlackElo "1507"]
[PlyCount "114"]
[EventDate "2009.01.08"]
[EventType "team-tourn"]
[EventRounds "10"]
[EventCountry "SLO"]
[SourceTitle "EXT 2022"]
[Source "ChessBase"]
[SourceDate "2021.10.06"]
[SourceVersion "1"]
[SourceVersionDate "2021.10.06"]
[SourceQuality "1"]

1. e4 e5 2. Nf3 Nc6 3. Bc4 h6 4. d3 a5 5. a3 Bc5 6. Be3 Bxe3 7. fxe3 d6 8. Nbd2 a4 9. 0-0 Be6 10. Bxe6 fxe6 11. h3 Nf6 12. Nh2 h5 13. Rf2 Qe7 14. Qe2 0-0-0 15. b3 axb3 16. cxb3 d5 17. exd5 Nxd5 18. Ndf1 Nc3 19. Qc2 Nd5 20. b4 Qg5 21. Nf3 Qg6 22. b5 Na7 23. Nxe5 Qe8 24. Nf7 Rf8 25. Nxd8 Rxf2 26. Qxf2 Qxd8 27. a4 Nf6 28. Qc2 Nd5 29. Qc4 Qf6 30. Rc1 Qe7 31. a5 b6 32. e4 Nf4 33. Kh1 Qc5 34. Qxc5 bxc5 35. b6 cxb6 36. axb6 Nc6 37. Rxc5 Kb7 38. d4 Kxb6 39. Rc4 Kb5 40. Ne3 Ne2 41. Rc5+ Kb6 42. Rxh5 Ng3+ 43. Kh2 Nxh5 44. d5 exd5 45. exd5 Nd4 46. h4 Kc5 47. g3 Kd6 48. Kh3 Ke5 49. Kg4 Nf6+ 50. Kg5 Nxd5 51. Nxd5 Kxd5 52. Kg6 Ne6 53. g4 Ke5 54. g5 Kf4 55. h5 Kg4 56. h6 gxh6 57. gxh6 Ng5 1/2-1/2

[Event "SLO-ch U14 Girls"]
[Site "Postojna"]
[Date "2008.03.01"]
[Round "9"]
[White "Cankar, Neza"]
[Black "Kuk, Nika"]
[Result "0-1"]
[WhiteElo "1573"]
[BlackElo "1637"]
[PlyCount "78"]
[EventDate "2008.02.24"]
[EventType "swiss"]
[EventRounds "9"]
[EventCountry "SLO"]
[SourceTitle "EXT 2010"]
[Source "ChessBase"]
[SourceDate "2010.11.25"]
[SourceVersion "1"]
[SourceVersionDate "2010.11.25"]
[SourceQuality "1"]

1. e4 c5 2. Nf3 Nc6 3. d4 cxd4 4. Nxd4 g6 5. Nc3 Bg7 6. Be3 Nf6 7. Bd3 0-0 8. 0-0 d5 9. exd5 Nxd5 10. Nxd5 Qxd5 11. Nxc6 bxc6 12. c3 Bb7 13. Be2 Rfd8 14. Bf3 Qe6 15. Qc2 a6 16. Rfe1 Qc8 17. Qb3 e6 18. Rad1 Rd7 19. Bf4 Rxd1 20. Rxd1 e5 21. Bg5 Qc7 22. Bg4 Bc8 23. Rd8+ Bf8 24. Qc4 Rb8 25. Qe4 Bxg4 26. Rxb8 Qxb8 27. Qxg4 Qxb2 28. h3 Qxc3 29. Qc8 Qc5 30. Qxa6 Kg7 31. a4 Bd6 32. a5 Qc3 33. Qa7 Qe1+ 34. Kh2 e4+ 35. g3 c5 36. a6 Qxf2+ 37. Kh1 Bxg3 38. Bf6+ Kh6 39. Bg5+ Kh5 0-1

[Event "SLO-ch U14 Girls"]
[Site "Postojna"]
[Date "2008.02.26"]
[Round "4"]
[White "Cankar, Neza"]
[Black "Hervolj, Manca"]
[Result "1/2-1/2"]
[WhiteElo "1573"]
[BlackElo "1517"]
[PlyCount "121"]
[EventDate "2008.02.24"]
[EventType "swiss"]
[EventRounds "9"]
[EventCountry "SLO"]
[SourceTitle "EXT 2010"]
[Source "ChessBase"]
[SourceDate "2010.11.25"]
[SourceVersion "1"]
[SourceVersionDate "2010.11.25"]
[SourceQuality "1"]

1. e4 e5 2. Nf3 Nc6 3. Bc4 Nf6 4. d3 h6 5. Nc3 Bb4 6. Bd2 d6 7. h3 0-0 8. 0-0 Be6 9. Bb3 Bxb3 10. axb3 Bxc3 11. Bxc3 a6 12. Nh2 Nh7 13. Qg4 Qg5 14. f4 Qxg4 15. Nxg4 f6 16. Rf2 exf4 17. Rxf4 Ne5 18. Raf1 Nxg4 19. Rxg4 Ng5 20. Bd2 Kh7 21. Rgf4 Ne6 22. R4f2 Rf7 23. Bc3 Raf8 24. Rf5 Kg8 25. h4 Rd8 26. b4 Rdd7 27. d4 Nd8 28. e5 fxe5 29. dxe5 dxe5 30. Rxf7 Rxf7 31. Bxe5 Rxf1+ 32. Kxf1 c6 33. Ke2 h5 34. Kd3 Nf7 35. Bf4 Kf8 36. Kc4 Ke7 37. Kc5 Kd7 38. c4 g6 39. b3 Nd8 40. Kb6 Kc8 41. Be5 Nf7 42. Bf4 Nd8 43. Bc7 Ne6 44. Be5 g5 45. g3 gxh4 46. gxh4 Nf8 47. Kc5 Ng6 48. Bg3 Ne7 49. Kb6 Nf5 50. Bf2 Kb8 51. b5 axb5 52. cxb5 cxb5 53. Kxb5 Kc7 54. Bb6+ Kd7 55. Bf2 Kc8 56. Kb6 Nd6 57. Be3 Ne4 58. Kb5 Nc3+ 59. Kc4 Ne4 60. Kb5 Kc7 61. Bb6+ 1/2-1/2

[Event "SLO-ch U14 Girls"]
[Site "Murska Sobota"]
[Date "2007.03.02"]
[Round "9"]
[White "Cankar, Neza"]
[Black "Jus, Katja"]
[Result "1/2-1/2"]
[WhiteElo "1500"]
[BlackElo "1749"]
[PlyCount "47"]
[EventDate "2007.02.25"]
[EventType "swiss"]
[EventRounds "9"]
[EventCountry "SLO"]
[SourceTitle "CBM 117 Extra"]
[Source "ChessBase"]
[SourceDate "2007.05.09"]
[SourceVersion "1"]
[SourceVersionDate "2007.05.09"]
[SourceQuality "1"]

1. e4 e5 2. Nf3 Nc6 3. Bc4 Bc5 4. d3 h6 5. Nc3 Nf6 6. 0-0 d6 7. h3 0-0 8. Be3 Bb6 9. Qd2 Be6 10. Bb3 Bxb3 11. axb3 Nh7 12. Nh2 Ne7 13. Ne2 f5 14. exf5 Nxf5 15. Bxb6 axb6 16. f4 exf4 17. Nxf4 Ng3 18. Ne6 Nxf1 19. Nxd8 Nxd2 20. Rxa8 Ng5 21. Ra1 Rxd8 22. Rd1 Nxb3 23. cxb3 Re8 24. Kf1 1/2-1/2

[Event "SLO-ch U14 Girls"]
[Site "Murska Sobota"]
[Date "2007.02.26"]
[Round "3"]
[White "Cankar, Neza"]
[Black "Hervolj, Manca"]
[Result "1-0"]
[WhiteElo "1500"]
[BlackElo "1500"]
[PlyCount "45"]
[EventDate "2007.02.25"]
[EventType "swiss"]
[EventRounds "9"]
[EventCountry "SLO"]
[SourceTitle "CBM 117 Extra"]
[Source "ChessBase"]
[SourceDate "2007.05.09"]
[SourceVersion "1"]
[SourceVersionDate "2007.05.09"]
[SourceQuality "1"]

1. e4 e5 2. Nf3 Nc6 3. Bc4 Bc5 4. c3 h6 5. d4 exd4 6. cxd4 Bb4+ 7. Nc3 Nf6 8. Bd2 Bxc3 9. Bxc3 Nxe4 10. 0-0 Nxc3 11. Re1+ Ne7 12. bxc3 0-0 13. Qc2 d6 14. Bd3 Kh8 15. Re3 Nd5 16. Ree1 Qf6 17. Qc1 Bf5 18. Bc4 Be6 19. Bd3 Nf4 20. Bc2 Bg4 21. Qe3 Rfe8 22. Qxe8+ Rxe8 23. Rxe8# 1-0

[Event "SLO-ch U16 Girls"]
[Site "Sentjur"]
[Date "2005.03.01"]
[Round "4"]
[White "Cankar, Neza"]
[Black "Topic, Jelena"]
[Result "0-1"]
[WhiteElo "1500"]
[BlackElo "1698"]
[PlyCount "68"]
[EventDate "2005.02.26"]
[EventType "tourn"]
[EventRounds "8"]
[EventCountry "SLO"]
[SourceTitle "CBM 105 Extra"]
[Source "ChessBase"]
[SourceDate "2005.05.01"]
[SourceVersion "1"]
[SourceVersionDate "2005.05.01"]
[SourceQuality "1"]

1. e4 c5 2. Nf3 d6 3. Nc3 a6 4. Bc4 e6 5. d3 Nf6 6. 0-0 Be7 7. h3 h6 8. Be3 d5 9. exd5 exd5 10. Bxd5 Nxd5 11. Qd2 0-0 12. Ne4 b6 13. Nh2 Bb7 14. f4 Nxe3 15. Qxe3 Bxe4 16. Qxe4 Qd4+ 17. Qxd4 cxd4 18. Rae1 Nc6 19. Nf3 Bf6 20. a3 Rac8 21. Re2 Ne7 22. Rfe1 Nd5 23. g3 Ne3 24. Rc1 Rc7 25. Ne1 Rfc8 26. Kf2 g5 27. Kf3 gxf4 28. gxf4 Kh7 29. Kf2 Bh4+ 30. Kf3 Bxe1 31. Rexe1 Rxc2 32. Rxc2 Rxc2 33. b3 Rc3 34. b4 Rxd3 0-1

[Event "SLO-ch U16 Girls"]
[Site "Sentjur"]
[Date "2005.02.28"]
[Round "3"]
[White "Kozarski, Lara"]
[Black "Cankar, Neza"]
[Result "1-0"]
[WhiteElo "1580"]
[BlackElo "1500"]
[PlyCount "73"]
[EventDate "2005.02.26"]
[EventType "tourn"]
[EventRounds "8"]
[EventCountry "SLO"]
[SourceTitle "CBM 105 Extra"]
[Source "ChessBase"]
[SourceDate "2005.05.01"]
[SourceVersion "1"]
[SourceVersionDate "2005.05.01"]
[SourceQuality "1"]

1. e4 e5 2. Nf3 Nc6 3. Bb5 a6 4. Ba4 Nf6 5. d3 h6 6. Bxc6 dxc6 7. Nxe5 Bc5 8. Nf3 0-0 9. h3 Nh7 10. 0-0 f5 11. exf5 Bxf5 12. Be3 Bd6 13. c3 Qd7 14. d4 Bxh3 15. Nh2 Rf6 16. Qh5 Be6 17. Nd2 Rf5 18. Qe2 Raf8 19. Nc4 Bxh2+ 20. Kxh2 Qf7 21. Ne5 Rh5+ 22. Kg1 Qf6 23. Qxh5 Qd8 24. Qg6 Rf6 25. Qc2 Bf5 26. Qb3+ Be6 27. Qxb7 Bd5 28. Qxa6 Qd6 29. Qc8+ Nf8 30. Qg4 Be6 31. Qe2 Nd7 32. Nxd7 Bxd7 33. Qh5 Rf5 34. Qh2 Qxh2+ 35. Kxh2 Rh5+ 36. Kg1 Kh7 37. a4 1-0